|
|
|
|
| LEADER |
00703cam a2200205 a 4500 |
| 001 |
0000072579 |
| 005 |
20040622090000.0 |
| 040 |
|
|
|a mod
|
| 041 |
|
|
|a eng
|
| 020 |
0 |
0 |
|a 0760302308
|
| 090 |
0 |
0 |
|a 363.209779494
|b KAT
|e 1997
|
| 100 |
1 |
0 |
|a Katz
|h Samuel M.
|
| 245 |
1 |
0 |
|a LAPD
|c Samuel Katz
|
| 260 |
0 |
0 |
|a Osceola, WI, USA
|b Motorbooks International
|c 1997
|
| 300 |
0 |
0 |
|a 128 p.
|b ill. (some col.), maps (some col.)
|c 22 cm
|
| 440 |
0 |
0 |
|a The power series
|
| 650 |
0 |
0 |
|a Los Angeles (Calif.). Police Dept.
|x History
|
| 650 |
0 |
0 |
|a Police
|z California
|z Los Angeles
|x History
|
| 650 |
0 |
0 |
|a Police
|z California
|z Los Angeles
|x Special weapons and tactics units
|x History
|
| 999 |
|
|
|a 0225427
|b SPPTD
|d BOOKS
|e Umum
|f SPPTD
|j AVAILABLE
|q GOOD CONDITION
|